Структурно-семантичні та стилістичні особливості англомовного рекламного тексту (Запис № 283107)

МАРК-запис
000 -LEADER
fixed length control field 01664nam a22001577a 4500
041 ## - LANGUAGE CODE
Language code of text/sound track or separate title ukr
080 ## - UNIVERSAL DECIMAL CLASSIFICATION NUMBER
Universal Decimal Classification number 09
090 ## - LOCALLY ASSIGNED LC-TYPE CALL NUMBER (OCLC); LOCAL CALL NUMBER (OCLC)
Local cutter number (OCLC) ; Book number/undivided call number, CALL (RLIN) КЛИ
100 ## - MAIN ENTRY--PERSONAL NAME
Personal name Климюк І. А.
245 ## - TITLE STATEMENT
Title Структурно-семантичні та стилістичні особливості англомовного рекламного тексту
260 ## - PUBLICATION, DISTRIBUTION, ETC. (IMPRINT)
Place of publication, distribution, etc Острог
Name of publisher, distributor, etc КАФ
Date of publication, distribution, etc 2005
300 ## - PHYSICAL DESCRIPTION
Extent 51
520 ## - SUMMARY, ETC.
Summary, etc Розділ 1. Реклама та рекламний текст як ефективний інструмент комунікацій.<br/>1.1. поняття "реклама". Її сутність, цілі. завдання.<br/>1.2. Рекламні звернення. Вплив лінгвістичних та ілюстративних елементів реклами на формування образу у споживача.<br/>1.3.Реклама у засобах масової інформації. способи вираження особливостей рекламних текстів у ЗМІ.<br/>Розділ 2. Семантика, стилістика та структура рекламних текстів. (на основі науково-технічних рекламних текстів та текстів-анонсів).<br/>2.1. Структурно-семантичні та стилістичні особливості в текстах науково-технічної реклами.<br/>2.2. Структурно-семантичні та функціональні характеристики повтору в текстах-анонсах.
-- Реклама, семантика
650 ## - SUBJECT ADDED ENTRY--TOPICAL TERM
Topical term or geographic name as entry element Research Papers
942 ## - ADDED ENTRY ELEMENTS (KOHA)
Koha item type Книги
Фонди
Withdrawn status Lost status Source of classification or shelving scheme Damaged status Not for loan Home library Current library Date acquired Source of acquisition Coded location qualifier Cost, normal purchase price Total Checkouts Full call number Barcode Date last seen Price effective from Koha item type
    Universal Decimal Classification     ВІЛ - Відділ іноземн. літератури НБ ВІЛ - Відділ іноземн. літератури НБ 13/10/2005 Акт В22 1.00   09 211107 15/12/2021 13/10/2005 Книги